00932nam a22002657a 4500003000400000005001700004008004100021020003000062040003100092050001400123100005400137245011500191250001800306260003700324300004600361336002400407337002800431338002500459504002000484650002800504650002100532650002100553700004600574700004600620OSt20240911150442.0240903b |||||||| |||| 00| 0 eng d a9780323479165 (Hardcover) aNUSTbengcNUSTdNUSTerda aRC936 THO aThompson, Lester D ReAuthorqLester D R Thompson aHead and head pathology :ba volume in the series foundations in diagnostic pathology/c Lester D. R.Thompson, aThird edition aPhiladelphia :bElsevier,c2013. axiv, 763 pages :bIllustrations ;c29 cm. 2rdamediaatextbtxt 2rdamediaaunmediatedbn 2rdamediaavolumebnc aIncludes index. vHead and neck neoplasms vHead - pathology vNeck - pathology aBishop, Justin AeAuthorqJustin A Bishop aGoldblum, John ReEditorqJohn R Goldblum